000 00659cab a2200181 4500
001 WB2901-78
008 090401t1993 xxu||||| |||| 00| 0 eng d
035 _a(Sirsi) u18723
041 _aeng
245 _aGuidance on valuing new housing
260 _c1993
350 _a0
490 _aCS Monthly : General Practice
_v2(4) January 1993, 1(1)
520 _aA revision of paragraph 6.7 of the Background Notes to VGN2A has been agreed with the Council of Mortgage Lenders and will be published in the next update of the RICS "Manual of valuation guidance notes" (the White Book).
690 _aRATING AND VALUATION
942 _n0
948 _c04/03/1997
999 _c12460
_d12460